|
|
|
|
| LEADER |
00000cam a2200000 4500 |
| 001 |
vtls011875635 |
| 003 |
SK-MaSNL |
| 005 |
20260301101523.0 |
| 008 |
200507s2018 xr da frn 001 0 eng |
| 015 |
|
|
|a SNBZSA2020/02
|
| 020 |
|
|
|a 9788074357220
|q (brožované)
|
| 035 |
|
|
|a urn:nbn:sk:snk-am00dxqu
|
| 035 |
|
|
|a urn:nbn:sk:snk-am3i8ub
|
| 035 |
|
|
|a 900C6506-9151-44BF-B44F-3E9E9CA11022
|
| 040 |
|
|
|a SNK
|b slo
|c SNK
|e rda
|
| 041 |
0 |
|
|a eng
|
| 044 |
|
|
|a xr
|c CZ
|
| 072 |
|
7 |
|a 613.7
|x Zdravie a hygiena voľného času, rekreácie a spánku
|2 konspekt
|
| 072 |
|
7 |
|a 796
|x Šport. Hry. Telesné cvičenia
|2 konspekt
|
| 080 |
|
|
|a 613.71/.73
|2 2011
|
| 080 |
|
|
|a 159.922.8
|2 2011
|
| 080 |
|
|
|a 796/799-026.91
|2 2011
|
| 080 |
|
|
|a 796.012.21
|2 2011
|
| 080 |
|
|
|a 001.891
|2 2011
|
| 080 |
|
|
|a 316.728
|2 2011
|
| 080 |
|
|
|a (048.8)
|2 2011
|
| 080 |
|
|
|a (048.83)
|2 2011
|
| 100 |
1 |
|
|a Straňavská, Stanislava,
|d 1983-
|4 aut
|9 258451
|
| 245 |
1 |
0 |
|a Outdoor activities and their impact on forming lifestyle
|c Stanislava Straňavská, Karol Görner
|
| 250 |
|
|
|a First edition
|
| 264 |
|
1 |
|a Hradec Králové
|b Gaudeamus
|c 2018
|
| 300 |
|
|
|a 112 strán
|b grafy, tabuľky
|c 21 cm
|
| 336 |
|
|
|a text
|b txt
|2 rdacontent
|
| 337 |
|
|
|a bez média
|b n
|2 rdamedia
|
| 338 |
|
|
|a zväzok
|b nc
|2 rdacarrier
|
| 366 |
|
|
|e 100 kusov
|
| 500 |
|
|
|a Preložené pravdepodobne zo slovenčiny
|
| 504 |
|
|
|a Obsahuje bibliografiu na strane 95-108 ; menný register na strane 109-112
|
| 650 |
0 |
7 |
|a pohybová aktivita
|2 SNKPH
|9 3607
|
| 650 |
0 |
7 |
|a telesná kondícia
|2 SNKPH
|9 76112
|
| 650 |
0 |
7 |
|a výskum
|2 SNKPH
|9 4238
|
| 650 |
0 |
7 |
|a Movement activity
|2 SNKPHeng
|9 312821
|
| 650 |
0 |
7 |
|a Adolescence
|2 SNKPHeng
|9 314889
|
| 650 |
0 |
7 |
|a Outdoor sports
|2 SNKPHeng
|9 327260
|
| 650 |
0 |
7 |
|a Physical fitness
|2 SNKPHeng
|9 315235
|
| 650 |
0 |
7 |
|a Research
|2 SNKPHeng
|9 265525
|
| 650 |
0 |
7 |
|a životný štýl
|2 SNKPH
|9 1704
|
| 650 |
0 |
7 |
|a Lifestyle
|2 SNKPHeng
|9 275439
|
| 650 |
0 |
7 |
|a športy v prírode
|2 SNKPH
|9 66607
|
| 650 |
0 |
7 |
|a dospievanie
|2 SNKPH
|9 654
|
| 655 |
|
7 |
|a monografie
|2 SNKPH
|9 70139
|
| 655 |
|
7 |
|a Monographs
|2 SNKPHeng
|9 120675
|
| 655 |
|
7 |
|a analýzy
|2 SNKPH
|9 22242
|
| 655 |
|
7 |
|a Analytic studies
|2 SNKPHeng
|9 278714
|
| 700 |
1 |
|
|a Görner, Karol,
|d 1959-
|4 aut
|9 249109
|
| 710 |
2 |
|
|a Univerzita Hradec Králové
|4 pbl
|9 156860
|
| 919 |
|
|
|a 978-80-7435-722-0
|
| 958 |
|
|
|a ZS
|
| 958 |
|
|
|a NB
|
| 958 |
|
|
|a OP
|
| 968 |
|
|
|b SLO
|
| 999 |
|
|
|c 689529
|d 691459
|
| 952 |
|
|
|a SNK
|b SNK
|y PREZ
|7 0
|p 17A1374816
|o snkSC 185129
|i snk2019/19016
|8 1
|0 0
|1 0
|4 0
|d 2019-07-18
|f 1
|l 0
|r 2026-02-23 20:23:27
|w 2026-02-23
|
| 952 |
|
|
|a SNK
|b SNK
|y VYP
|7 0
|p 17A1374815
|o snkSC 185129 D1
|i snk2019/19017
|8 1
|0 0
|1 0
|4 0
|d 2019-07-18
|l 0
|r 2026-02-23 20:23:27
|w 2026-02-23
|